| 000 | 00913cam a2200217 4500 | ||
|---|---|---|---|
| 001 | WS110499 | ||
| 008 | 000000n 000 0 eng u | ||
| 035 | _a(Sirsi) u110499 | ||
| 245 | _aAdjudication.co.uk | ||
| 520 | _aSite which 'promotes the resolution of disputes by adjudication as described in Part II of the Housing Grants, Construction and Regeneration Act 1996'. Includes frequently asked questions, case law, glossary of terms, details of relevant UK legislation, articles on adjudication and checklists. | ||
| 600 | _aADJUDICATION | ||
| 650 | _aSTANDARD FORM OF AGREEMENT | ||
| 650 | _aLAW | ||
| 650 | _aCASE LAW | ||
| 650 | _aLEGISLATION | ||
| 650 | _aGLOSSARY | ||
| 650 | _aHOUSING GRANTS CONSTRUCTION AND REGENERATION ACT 1996 | ||
| 690 |
_aDispute resolution _96236 |
||
| 856 | 4 | 0 |
_uhttps://www.adjudication.co.uk _zView the website free of charge at www.adjudication.co.uk... |
| 942 | _n0 | ||
| 999 |
_c119762 _d119762 |
||